00856nam a2200241Ia 4500001000600000003000900006008004100015040001300056040001300069041001300082100002100095100002900116245005000145245004100195250001100236260000900247260000800256260004900264300005900313500019000372650002100562650003100583D4424IT-RoPAU130308s9999 xx 000 0 und d aIT-RoPAU cIT-RoPAU aITALIANO aRecchia Vincenzo gCodice Aut. SPICS: 44675 aDiritti umani nella patristica postnicena (I) bDiritti Umani (I). dottrina e Prassi a1a ed. aROMA bAve c1982 [1° Ed.:1982 - Ed.Ling.Originale:1982] a"21 p. (prefazione: no ; testo: 21 [pagine: 131-151])" aFondamento Biblico: Esegesi Patristica a Genesi 1 3. Diritti dell'Uomo: Società Familiare, Famiglia Umana, Diritto Alla Vita, tolleranza, Lavoro e Proprietà, sicurezza e Assistenza. aDIRITTO GENERALE eCodice materia Spics: 4601